PLANT GROWTH REGULATION (Record no. 19084)

MARC details
000 -LEADER
fixed length control field 00419nam a2200145Ia 4500
022 ## - INTERNATIONAL STANDARD SERIAL NUMBER
ISSN 0167-6903
245 #0 - TITLE STATEMENT
Title PLANT GROWTH REGULATION
260 ## - PUBLICATION, DISTRIBUTION, ETC. (IMPRINT)
Name of publisher Kluwer Academic Publishers, Amsterdam, The Netherlands
310 ## - CURRENT PUBLICATION FREQUENCY
Current publication frequency Q
500 ## - GENERAL NOTE
General note Ending Volume & Year: 26, 1998
500 ## - GENERAL NOTE
General note Missing Volume: 2(3);7(3)
500 ## - GENERAL NOTE
General note Starting Volume & Year: 1, 1982
942 ## - ADDED ENTRY ELEMENTS (KOHA)
Koha item type Bound Journal
Holdings
Withdrawn status Lost status Damaged status Not for loan Home library Current library Date acquired Accession Number Koha item type
      Bound journals RRII Library RRII Library 31/12/2021 21048J Bound Journal